000 00523 a2200169 4500
020 _a0849325137
020 _a9780849325137
082 0 4 _a681.4
090 _c635
_d635
100 1 _aOrloff, Jon.
245 1 0 _aHandbook of charged particle optics /
_cJon Orloff.
250 _a1st ed.
260 _a[S.l.] :
_bCRC-Press,
_c1997.
300 _a528 p. ;
_c26 cm.
942 _aSNS
_cBK
_k681.4 ORL
999 _c29265
_d29265